000 00559nam a2200217 a 4500
003 AR-BaBNM
005 20251128204309.0
008 082120s2002 ||||||||||||||000 | spa||
040 _cAR-BaBNM
100 1 _aSanta MarĂ­a Conill, Alejandro
245 0 0 _aLa ciudad de barro
_bnovela
260 _aMendoza
_bEdiciones Culturales de Mendoza
_c1990
300 _axii, 193 p.
650 4 _aLITERATURA ARGENTINA
650 4 _aLITERATURA CONTEMPORANEA
650 4 _aNOVELAS
653 _aNARRATIVA
655 _aLITERATURA
942 _cBK
998 _cMARTIN
999 _c6919
_d6919